• 首页
  • 本馆介绍
  • 公告通知
  • 最新文献
  • 馆藏检索
  • 电子资源
  • 读者导购
  • 参考咨询
  • 我的图书馆
  • 登录
  • 详细信息显示
  • 放入我的书架
  • 预约/预借图书
  • 作者相关作品
  • 分类相关作品
  • 丛书相关作品
  • 出版社相关作品

书目信息

  • 表格格式
  • 工作单格式
  • 卡片格式
题名:
孟子选注
    
 
作者: 孟子 著 ;周满江 译析
分册:  
出版信息: 桂林   漓江出版社  2005
页数: 12,195页
开本: 21cm
丛书名:
单 册:
中图分类: B222.5
科图分类:
主题词: 孟子--译析 , 儒家
电子资源:
ISBN: 7-5407-3127-3
000 01171nam0 2200337 450
000 01134nam0 2200325 450
000 01132nam0 2200337 450
000 01078nam0 2200313 450
000 01096nam0 2200301 450
000 01059nam0 2200289 45
001 TS-176732
005 20061203155900.15
010    @a7-5407-3127-3@dCNY12.80
100    @a20060829d2005 em y0chiy0110 ea
101 0  @achi
102    @aCN@b450000
105    @aa z 000yy
200 1  @a孟子选注@AMeng Zi Xuan Zhu@e图文本@ETu Wen Ben@f周满江译析@FZhou Man Jiang Yi Xi
210    @a桂林@c漓江出版社@d2005
215    @a12,195页@d21cm
330    @a本书原著是古典散文,其文学意义最明显的是论辩的形式,共选80篇文章,每篇下有原文、注释、译文点评等内容。
606    @a孟子@x译析
606 0  @a儒家
690    @aB222.5@v4
701  0 @c(战国)@a孟子@AMeng Zi@f(约公元前372~前289)@4著
702  0 @a周满江@AZhou Man Jiang@f(1934.6~)@4译析
801  0 @aCN@b中图数据@c20061203
905    @a10447@dB222.5@e279
    
    孟子选注:图文本/周满江译析.-桂林:漓江出版社,2005
    12,195页;21cm
    
    
    ISBN 7-5407-3127-3:CNY12.80
    本书原著是古典散文,其文学意义最明显的是论辩的形式,共选80篇文章,每篇下有原文、注释、译文点评等内容。
●
相关链接 在E读中查询图书 在五车中查询图书 在当当中查询图书 在豆瓣中查询图书


正题名:孟子选注     索取号:B222.5/279         预约/预借

序号 登录号 条形码 馆藏地/架位号 状态 备注
1 0605821   206058219   第一样本阅览室/ [索取号:B222.5/279] 在馆    
2 0605822   206058228   教育系资料室/ [索取号:B222.5/279] 在馆    
3 0605823   206058237   第一借阅区/ [索取号:B222.5/279] 在馆    
4 0605824   206058246   第一借阅区/ [索取号:B222.5/279] 在馆    
5 0605825   206058255   第一借阅区/ [索取号:B222.5/279] 在馆    
唐山师范学院图书馆 欢迎您!
大连网信软件有限公司© 版权所有